RICS global distressed property monitor (Record no. 114501)

MARC details
000 -LEADER
fixed length control field 01002cad a22002055a 4500
001 - CONTROL NUMBER
control field L156934
008 - FIXED-LENGTH DATA ELEMENTS--GENERAL INFORMATION
fixed length control field 120731s2011 xxk 000 0 eng d
035 ## - SYSTEM CONTROL NUMBER
System control number (Sirsi) u156934
041 0# - LANGUAGE CODE
Language code of text/sound track or separate title eng
110 2# - MAIN ENTRY--CORPORATE NAME
Corporate name or jurisdiction name as entry element Royal Institution of Chartered Surveyors
Subordinate unit Economics
9 (RLIN) 5033
245 00 - TITLE STATEMENT
Title RICS global distressed property monitor
Remainder of title Q3 2011
Medium [electronic resource]
260 ## - PUBLICATION, DISTRIBUTION, ETC.
Place of publication, distribution, etc. London
Name of publisher, distributor, etc. RICS
Date of publication, distribution, etc. 2011
490 #0 - SERIES STATEMENT
Series statement RICS Global Distressed Property Monitor
Volume/sequential designation Q3 2011
520 ## - SUMMARY, ETC.
Summary, etc. Greater levels of distress emerge. Supply of distressed assets rises globally. Countries in peripheral Europe, Italy and the UAE expect the supply of distressed properties coming to market to increase at the fastest pace. Demand for foreclosed property continues to rise, but in less countries than in Q2.
590 ## - LOCAL NOTE (RLIN)
Local note KA
651 #4 - SUBJECT ADDED ENTRY--GEOGRAPHIC NAME
Geographic name International
690 ## - LOCAL SUBJECT ADDED ENTRY--TOPICAL TERM (OCLC, RLIN)
Topical term or geographic name as entry element Commercial property
9 (RLIN) 6227
856 40 - ELECTRONIC LOCATION AND ACCESS
Uniform Resource Identifier <a href="https://www.rics.org/site/download_feed.aspx?fileID=10909&fileExtension=PDF">https://www.rics.org/site/download_feed.aspx?fileID=10909&fileExtension=PDF</a>
Public note View the monitor at www.rics.org
942 ## - ADDED ENTRY ELEMENTS (KOHA)
Suppress in OPAC 0
Holdings
Withdrawn status Lost status Source of classification or shelving scheme Damaged status Not for loan Home library Current library Shelving location Date acquired Total Checkouts Full call number Barcode Date last seen Copy number Price effective from Koha item type
    Dewey Decimal Classification     Virtual Virtual Online 31/07/2012   ONLINE PUBLICATION 156934-2001 06/08/2019 1 06/08/2019 Book